Viackriteriálne rozhodovanie v oblasti teórie hier

Náročné úlohy z oblasti okružných úloh riešia najmä firmy v sektore logistiky. Oproti jednokriteriálnemu, viackriteriálne rozhodovanie umožňuje nájsť vhodné kompromisné riešenie, ktoré zohľadňuje viacero obmedzení alebo kritérií, keďže v problémoch tohto typu častokrát nie je jedinečné riešenie. Pre...

Description complète

Enregistré dans:
Détails bibliographiques
Auteur principal: Figurová, Dana
Autres auteurs: Čičková, Zuzana, 1978-
Format: Chapitre de livre
Langue:slovaque
Sujets:
Tags: Ajouter un tag
Pas de tags, Soyez le premier à ajouter un tag!

MARC

LEADER 00000naa$a2200000$$$4500
001 0256322
005 20240502074057.4
041 0 |a slo 
044 |a SK 
245 1 0 |a Viackriteriálne rozhodovanie v oblasti teórie hier  |c Dana Figurová, Zuzana Čičková 
520 |a Náročné úlohy z oblasti okružných úloh riešia najmä firmy v sektore logistiky. Oproti jednokriteriálnemu, viackriteriálne rozhodovanie umožňuje nájsť vhodné kompromisné riešenie, ktoré zohľadňuje viacero obmedzení alebo kritérií, keďže v problémoch tohto typu častokrát nie je jedinečné riešenie. Prehľad literatúry a teoretické vymedzenie viackriteriálneho rozhodovania v prípade kooperatívnych hier. 
610 2 0 |a teória hier 
610 2 0 |a rozhodovanie viackriteriálne 
610 2 0 |a logistika 
610 2 0 |a doprava 
610 2 0 |a náklady 
610 2 0 |a optimalizácia 
100 1 |a Figurová, Dana 
700 1 |a Čičková, Zuzana, 1978-